Engineering economy (Record no. 1549)

000 -LEADER
fixed length control field 00674nam a22002294a 4500
001 - CONTROL NUMBER
control field 1549
003 - CONTROL NUMBER IDENTIFIER
control field BD-DhUET
008 - FIXED-LENGTH DATA ELEMENTS--GENERAL INFORMATION
fixed length control field 000424s2001 njua b 001 0 eng
020 ## - INTERNATIONAL STANDARD BOOK NUMBER
International Standard Book Number 013028128X
040 ## - CATALOGING SOURCE
Original cataloging agency DLC
Transcribing agency DLC
Modifying agency BD-DhUET
082 00 - DEWEY DECIMAL CLASSIFICATION NUMBER
Classification number 620.02
Item number THU/2001
100 ## - MAIN ENTRY--PERSONAL NAME
Personal name Thuesen, G. J.
245 10 - TITLE STATEMENT
Title Engineering economy
Statement of responsibility, etc. by G.J. Thuesen and W.J. Fabrycky
250 ## - EDITION STATEMENT
Edition statement 9th ed.
260 ## - PUBLICATION, DISTRIBUTION, ETC. (IMPRINT)
Place of publication, distribution, etc. New Jersy
Name of publisher, distributor, etc. Prentice Hall
Date of publication, distribution, etc. 2001
300 ## - PHYSICAL DESCRIPTION
Extent xiv, 637 p.
Other physical details ill.
Dimensions 25 cm.
490 ## - SERIES STATEMENT
Series statement Prentice hall international series in industrial and sytems engineering
504 ## - BIBLIOGRAPHY, ETC. NOTE
Bibliography, etc Includes bibliographies
650 #0 - SUBJECT ADDED ENTRY--TOPICAL TERM
Topical term or geographic name as entry element Engineering economy
700 1# - ADDED ENTRY--PERSONAL NAME
Personal name Fabrycky, W. J.
942 ## - ADDED ENTRY ELEMENTS (KOHA)
Koha item type General Book
Holdings
Date acquired Sublocation or collection (holding branch) Shelving location Koha issues (times borrowed) Withdrawn status Piece designation (barcode) Koha item type Koha date last borrowed Copy number Not for loan Lost status Damaged status Price effective from Source of classification or shelving scheme Koha date last seen Koha normalized classification for sorting Location (home branch) Koha full call number
2014-09-08Central Library, BUETCirculation section  102596General Book 1   2014-09-08 2014-09-08620_000000000000000_02THU2001Central Library, BUET620.02/THU/2001
2014-09-08Central Library, BUETCirculation section  102594General Book 2   2014-09-08 2014-09-08620_000000000000000_02THU2001Central Library, BUET620.02/THU/2001
2014-09-08Central Library, BUETCirculation section1 102590General Book2021-11-293   2014-09-08 2021-12-20620_000000000000000_02THU2001Central Library, BUET620.02/THU/2001
2014-09-08Central Library, BUETCirculation section  102595General Book 4   2014-09-08 2014-09-08620_000000000000000_02THU2001Central Library, BUET620.02/THU/2001
2014-09-08Central Library, BUETCirculation section  102589General Book 5   2014-09-08 2014-09-08620_000000000000000_02THU2001Central Library, BUET620.02/THU/2001
2014-09-08Central Library, BUETCirculation section  102588General Book 6   2014-09-08 2014-09-08620_000000000000000_02THU2001Central Library, BUET620.02/THU/2001
2014-09-08Central Library, BUETCirculation section2 102592General Book2022-03-218   2014-09-08 2022-04-16620_000000000000000_02THU2001Central Library, BUET620.02/THU/2001
2014-09-08Central Library, BUETCirculation section  102591General Book 9   2014-09-08 2014-09-08620_000000000000000_02THU2001Central Library, BUET620.02/THU/2001
2014-09-15Central Library, BUETCirculation section  102593General Book 10   2014-09-15 2014-09-15620_000000000000000_02THU2001Central Library, BUET620.02/THU/2001
2014-09-27Central Library, BUETCirculation section3 101877General Book2021-12-0411   2014-09-27 2021-12-20620_000000000000000_02THU2001Central Library, BUET620.02/THU/2001
2014-10-19Central Library, BUETCirculation section  112838General Book 12   2014-10-19 2014-10-19620_000000000000000_02THU2001Central Library, BUET620.02/THU/2001
2014-11-23Central Library, BUETCirculation section  101878General Book 13   2014-11-23 2014-11-23620_020000000000000_THU_2001Central Library, BUET620.02/THU/2001